00304 a2200109 4500001000700000020000600007040001100013100000600024240008000030245007500110362000900185181496 a  cMagnum a-10aRevista de educacao aec/leituras psicologicas da construcao do conhec.lpor10aRevista de educacao aec/leituras psicologicas da construcao do conhec.0 a1899